Organization Development and Change (Record no. 6929)

MARC details
000 -LEADER
fixed length control field 00389nam a2200157Ia 4500
008 - FIXED-LENGTH DATA ELEMENTS--GENERAL INFORMATION
fixed length control field 191201s2019 xx 000 0 und d
020 ## - INTERNATIONAL STANDARD BOOK NUMBER
International Standard Book Number 9788131531679
082 ## - DEWEY DECIMAL CLASSIFICATION NUMBER
Classification number 658.5 CUO
100 ## - MAIN ENTRY--PERSONAL NAME
Personal name CUMMINGS, Thomas G
245 #0 - TITLE STATEMENT
Title Organization Development and Change
260 ## - PUBLICATION, DISTRIBUTION, ETC. (IMPRINT)
Name of publisher, distributor, etc Cengage Learning
Date of publication, distribution, etc 2019
300 ## - PHYSICAL DESCRIPTION
Extent 810
650 ## - SUBJECT ADDED ENTRY--TOPICAL TERM
Topical term or geographic name as entry element MBA
700 ## - ADDED ENTRY--PERSONAL NAME
Personal name WORLEY,Christopher G
942 ## - ADDED ENTRY ELEMENTS (KOHA)
Source of classification or shelving scheme Dewey Decimal Classification
Koha item type Text Books
Holdings
Withdrawn status Lost status Source of classification or shelving scheme Damaged status Not for loan Collection code Home library Current library Date acquired Source of acquisition Cost, normal purchase price Bill Number Total Checkouts Full call number Acc. no. / Barcode Date last seen Actual Cost, discounted price Bill Date Koha item type Date last borrowed Currency
    Dewey Decimal Classification     MBA PIET C-LIBRARY PIET C-LIBRARY 21/07/2020 Kirti Prakashan 775.00 IN 3890   658.406 CUO 30820 04/12/2019 542.50 16/05/2019 Text Books    
    Dewey Decimal Classification     MBA PIET C-LIBRARY PIET C-LIBRARY 21/07/2020 Kirti Prakashan 775.00 IN 3890 1 658.406 CUO 30821 04/09/2023 542.50 16/05/2019 Text Books 21/03/2023  
    Dewey Decimal Classification     MBA PIET C-LIBRARY PIET C-LIBRARY 21/07/2020 Kirti Prakashan 775.00 IN 3890   658.406 CUO 30822 04/12/2019 542.50 16/05/2019 Text Books    
    Dewey Decimal Classification     MBA PIET C-LIBRARY PIET C-LIBRARY 09/12/2022 International Book Centre 899.00 IB/IN/851   658.406 CUO 34336 09/01/2023 629.30 09/12/2022 Text Books   IN Rupees
    Dewey Decimal Classification     MBA PIET C-LIBRARY PIET C-LIBRARY 28/12/2022 International Book Centre 899.00 IB/IN/927   658.5 CUO 34482 30/01/2023 629.30 28/12/2022 Text Books   IN Rupees

Design & Developed by: PIET Central Library
R70 Miles Stone Pattikalyana Samalkha Panipat 132102
mail ID :- [email protected], Phone No:- 0180-2569700 Ex.216